00850nam a2200193 a 4500008004100000020001800041050001400059100002000073245009700093260004200190300001600232350001000248650002900258650001700287650002800304995017400332999001700506952013300523170517s2000 ||||||||||||||||| || u a9780443062872 aRK 56 Mit aMillett, Declan10aOrthodontics and paediatric dentistry: colour guidecBy Declan Millett [and] Richard Welbury aEdinburgh:bHarcourt Publishersc2000 a166p.: ill. a35.95 aORAL SURGICAL PROCEDURES aORTHODONTICS aTOOTH DISEASES--THERAPY aMEDICAL LIBRARY OPEN ACCESSe903969FCBU-SCHOOL OF MEDICINE LIBRARY (Ndola)I35.95jRK 56 MitM1UAVAILABLEWMay 17, 2017y903969ZMedical Library Open Access Collection c32278d32278 00102lcc4070a002b002cMedical Library Open Access Collectiond2022-11-30l0oRK 56 Mitp903969r2022-11-30w2022-11-30y002